01880nam a2200337 a 450000100100000000500170001000800410002702000150006804000250008308200220010810000380013024501820016826001530035030000360050350000730053950400320061250504560064465100470110065000570114765000300120465100570123465000230129165100440131465000240135865000230138265000250140570000510143070000180148170000260149970000170152500000385920260408193042.0090714s2006 dr ac 001 0 spa d a9945140108 aDO-SdBNPbspacBNPHU a355.037293bP227s1 aPared Pérez, Sifrido A.,d1957-10aSeguridad defensa e identidad nacional /cSifrido A. Pared Pérez ; prólogo Euclides Gutiérrez Félix ; investigación Lilian Bobea, Raúl Benítez Manaut, Rut Diamint. aSanto Domingo :bInstituto Iberoamericano de Inteligencia y Seguridad ;bComisionado de Apoyo de la Reforma y Modernización de la Justicia,c2006. a467 p. :bil., retrs. ;c23 cm. aIncluye referencias bibliográficas y notas al pie de las páginas aBibliografía : p. 465-4672 aEl ambiente de seguridad nacional y los elementos que lo propician - La estructura nacional de seguridad y defensa en la República Dominicana -- La cultura de seguridad, defensa e identidad nacional: papel de la educación militar -- La doctrina militar: una respuesta a las amenazas y riesgos -- Seguridad, defensa, identidad y desarrollo nacional -- Lienzos de la identidad dominicana: simbiosis gráfica de historia, patria, defensa y sociedad. 4aRepública DominicanaxSeguridad Nacional 4aIdentidad nacionalxHistoriazRepública Dominicana 0aDefensa (Ciencia militar) 4aRepública DominicanaxCaracterísticas Nacionales 4aSeguridad interior 4aRepública DominicanaxFuerzas Armadas 0aIdentidad nacional  4aPintura dominicana 4aPintores dominicanos1 aGutiérrez Félix, Euclides,d1936-epról.1 aBobea, Lilian1 aBenítez Manaut, Rut1 aDiamint, Rut